| 000 | 00712nam a22002417a 4500 | ||
|---|---|---|---|
| 999 |
_c3682 _d3682 |
||
| 001 | 17857 | ||
| 003 | BD-DhUAP | ||
| 005 | 20200310165054.0 | ||
| 008 | 200310s1988 enk b 000 0 eng d | ||
| 020 | _a0140771727 | ||
| 040 |
_aDLC _cDLC _bEng _dBD-DhUAP |
||
| 082 | 0 | 0 |
_a821.8 EBB _223 |
| 100 | 1 | _aEbbatson, Roger. | |
| 245 | 1 | 0 |
_aTennyson / _cRoger Ebbatson. |
| 260 |
_aLondon, England ; _bPenguin Books, _cc1988. |
||
| 300 |
_a130 pages ; _c20 cm. |
||
| 440 | _aPenguin critical studies. | ||
| 504 | _aIncludes bibliographical references (p. [130]). | ||
| 600 | 1 | 0 |
_aEliot, George, _d1819-1880. _tMill on the Floss. |
| 942 |
_2ddc _cBK |
||